000 00685nam a22002052 4500
001 0000025110
005 20151217154514.0
008 141127s xx 000 0 eng d
020 _a9966252005 :
040 _aKABU
_cKABU
245 1 0 _aJohari ya kiswahili :
_bkidato cha 1, 2, 3, 4. /
_cby Salome K. Maneno, [et al.].
260 _aNairobi :
_bEAEP Ltd,
_c2003.
300 _a4 vols. (various pagings).
650 0 _aKiswahili.
_@0000185499
700 1 _aManeno, Salome K., [et al.]
_@0000185500
852 1 _9p493 KES
852 1 _9p464 KES
908 _a141127
950 _@1
999 _c11615
_d11615